[Event "MVS Bezirks-ch"]
[Site "Bad Soden Salmuenster"]
[Date "2001.11.17"]
[Round "2"]
[White "Plietz, Burckhard"]
[Black "Sterzel, Roland"]
[Result "1/2-1/2"]
[WhiteElo "1271"]
[BlackElo "1111"]
[PlyCount "98"]
[EventDate "2001.11.??"]
[EventType "swiss"]
[EventRounds "7"]
[EventCountry "GER"]
[SourceTitle "EXT 2004"]
[Source "ChessBase"]
[SourceDate "2003.11.25"]
[SourceVersion "1"]
[SourceVersionDate "2003.11.25"]
[SourceQuality "1"]

1. Nf3 Nc6 2. c3 d5 3. d4 Bf5 4. Nbd2 Nf6 5. e3 a6 6. Be2 e6 7. 0-0 Bd6 8. Ne1 0-0 9. f4 Ne7 10. Nef3 c5 11. Nh4 c4 12. b4 Qc7 13. Nxf5 Nxf5 14. Rf3 b5 15. Qe1 Ng4 16. Nb1 g5 17. h3 Nf6 18. fxg5 Bh2+ 19. Kh1 Ne4 20. g4 Nfg3+ 21. Kg2 Nxe2 22. Qxe2 Nxg5 23. Rf1 Qg3+ 24. Kh1 Qxh3 25. Qg2 Qxg2+ 26. Kxg2 Bd6 27. a4 Ne4 28. a5 f5 29. gxf5 Rxf5 30. Rxf5 exf5 31. Ra2 Kf7 32. Kh1 Rg8 33. Rg2 Ng3+ 34. Rxg3 Rxg3 35. Na3 h5 36. Nxb5 axb5 37. a6 Rg8 38. a7 Ra8 39. e4 dxe4 40. d5 Rxa7 41. Be3 Ra3 42. Bd4 f4 43. Kg2 Kg6 44. Bc5 Ra6 45. Bd4 Kf5 46. Bh8 Kg4 47. Bd4 h4 48. Kh1 Kg3 49. Bg1 Ra1 1/2-1/2

[Event "MVS Bezirks-ch"]
[Site "Bad Soden Salmuenster"]
[Date "2001.11.17"]
[Round "1"]
[White "Sterzel, Roland"]
[Black "Schnarr, Steffen"]
[Result "0-1"]
[WhiteElo "1111"]
[BlackElo "1669"]
[PlyCount "58"]
[EventDate "2001.11.??"]
[EventType "swiss"]
[EventRounds "7"]
[EventCountry "GER"]
[SourceTitle "EXT 2004"]
[Source "ChessBase"]
[SourceDate "2003.11.25"]
[SourceVersion "1"]
[SourceVersionDate "2003.11.25"]
[SourceQuality "1"]

1. d4 Nf6 2. c4 e5 3. dxe5 Ng4 4. Nf3 Bc5 5. e3 Nc6 6. Nc3 Ngxe5 7. Be2 0-0 8. Qc2 d6 9. h3 Be6 10. b3 Qf6 11. Nd5 Nxf3+ 12. Bxf3 Qxa1 13. 0-0 Qe5 14. Bb2 Qg5 15. Nf4 Bf5 16. Qc1 Ne5 17. Bxb7 Rab8 18. Ba6 Nd3 19. Qc3 Nxf4 20. exf4 Qg6 21. g4 h5 22. Kh2 hxg4 23. Rg1 Qh6 24. Kg2 Qxh3+ 25. Qxh3 gxh3+ 26. Kh2 f6 27. Rf1 Rfe8 28. Bb5 Re2 29. Kg3 Rxb2 0-1

[Event "MVS Bezirks-ch"]
[Site "Bad Soden Salmuenster"]
[Date "2001.??.??"]
[Round "4"]
[White "Kuhn, Alena"]
[Black "Sterzel, Roland"]
[Result "0-1"]
[WhiteElo "1066"]
[BlackElo "1111"]
[PlyCount "92"]
[EventDate "2001.11.??"]
[EventType "swiss"]
[EventRounds "7"]
[EventCountry "GER"]
[SourceTitle "EXT 2004"]
[Source "ChessBase"]
[SourceDate "2003.11.25"]
[SourceVersion "1"]
[SourceVersionDate "2003.11.25"]
[SourceQuality "1"]

1. d4 d5 2. e3 Nf6 3. f4 Bf5 4. c3 Nc6 5. Nf3 Bg4 6. Bd3 g6 7. 0-0 Bg7 8. Nbd2 0-0 9. Qe1 Re8 10. Ne5 Nxe5 11. fxe5 Nd7 12. b3 a6 13. c4 c6 14. Bb2 f6 15. exf6 Nxf6 16. Nf3 Bxf3 17. Rxf3 Rf8 18. Qh4 Qe8 19. Raf1 Rf7 20. Bc3 Qd7 21. g4 Raf8 22. g5 Qg4+ 23. Qxg4 Nxg4 24. Rxf7 Rxf7 25. Rxf7 Kxf7 26. Bd2 e5 27. h3 e4 28. Bxe4 dxe4 29. hxg4 Bf8 30. Kg2 Be7 31. Kg3 Bxg5 32. Kh3 Ke6 33. b4 b5 34. cxb5 axb5 35. a3 Kd5 36. Kg2 Kc4 37. Kf2 Kb3 38. Ke2 Kxa3 39. Kd1 Kb3 40. Ke2 Kc2 41. Be1 h5 42. gxh5 gxh5 43. Kf1 Kd3 44. Kg2 Bxe3 45. Kh3 Bxd4 46. Kh4 Bc3 0-1